Paroles - San Francisco - Maxime Le Forestier - Statistiques

Statistiques générales
  • Ce quiz a été pris 562 fois
  • Le résultat moyen est 157 sur 201
Statistiques - réponses
Paroles % Correct
à
99%
la
99%
là,
99%
ma
99%
Un
99%
un
99%
une
99%
C'est
98%
maison
98%
bleue
97%
On
97%
on
97%
colline
96%
y
96%
qui
95%
se
95%
clé
94%
ne
94%
pas
94%
pied,
94%
San
94%
vient
94%
Francisco
93%
Francisco,
93%
Francisco !
93%
Ceux
92%
Et
92%
et
92%
le
92%
Adossée
91%
ont
91%
vivent
91%
jeté
90%
de
89%
De
89%
89%
ou
89%
89%
vous
88%
êtes
87%
frappe
86%
moi
86%
des
85%
retrouve
84%
attendez
83%
an
81%
du
78%
ensemble
78%
Luc,
77%
années
76%
Après
76%
est
76%
Quand
74%
soir
73%
heures
71%
cinq
70%
Psylvia,
70%
route
70%
Accrochée
69%
s'allume
69%
Tout
69%
mémoire
68%
monde
68%
lève
66%
dans
65%
guitare
64%
l'on
64%
Si
63%
autour
60%
deux
60%
repas
57%
Lizzard
56%
pour
54%
s'asseoir
54%
Elle
53%
nous
53%
s'embrume
53%
autre
52%
brouillard
51%
nuit
51%
arrivera
50%
noire
50%
heureux,
49%
reviendra
49%
cheveux
48%
D'un
48%
nouvelles
48%
s'endormira
48%
jusqu'à
46%
longs
46%
sera
46%
Tom
46%
écoutera
45%
Peuplée
45%
peuplée
45%
debout
44%
rester
44%
dernière
43%
dire
43%
musique
43%
Puisqu'il
42%
fous
40%
l'herbe
40%
lumière,
40%
Phil
39%
s'effondre
38%
grands
36%
Nageant
36%
roulant
36%
lits
31%
Enlacés,
29%
kéna,
27%
Aucun quiz correspondant
Distribution des résultats
% des personnes avec chaque résultat
Percentile par nombre de réponses
Votre historique - résultats
Vous n’avez pas pris ce quiz